zpět

Detail výsledku týmu

Cabaret des Péches, Brno

Datum a čas kvízu

39 Celkem bodů Celkový počet nahraných bodů na tomto kvízu bez doplňovacích otázek.
2. Pořadí na kvízu Konečné umístění týmu na tomto kvízu.

Zaznamenané odpovědi

# Otázka Odpověď Body Výsledky
1. Dle rozhodnutí soudu z minuléh... Tomio Okamura 0
2. Slovenská policie minulý týden... Robert Fico, Robert Kaliňák 1
3. Společnost Mattel vydala u pří... královna Alžběta II. 1
4. Jedna z českých nápojářských z... Kofola 1
5. Českým házenkářkám se povedl m... Francie 0
6. Tímto tématem navazujeme v naš... B 1
7. Na lícní straně dvacetikoruny... zahynout nám i budoucím 0
8. V loňském roce oslavila své dv... Met Gala 1
9. Protonové číslo dvacet má vápn... alabastr 0
10. Vzdušná vzdálenost téměř přesn... A 0